00898nam a2200193Ia 4500008004100000041001200041082001600053100001600069245003100085260003700116300000800153650001200161700001300173942000700186999001500193952015900208952016900367952016800536221030s9999 xx 000 0 und d aEnglish a105.23bGup aS. L. Gupta 0aConcepts Of Modern Physics bDhanpat Rai PubaNew Delhic1999 a628 aPhysics aS. Gupta cBK c1921d1921 pBE 433g90.00l0o105.23 Gupr2024-06-13 00:00:00w2022-10-30yBK003Print4071aMIETLIBbMIETLIBcBL-Second, FL-1, CUP-16, SH-2, R-2d1999-11-1810HBE pBE 434g115.00l0o105.23 Gupr2024-06-13 00:00:00w2022-10-30yBK003Print4070aMIETLIBbMIETLIBcBL-Academic Block A, FL-1, CUP-8, SH-3, R-3d1999-11-1810HBE pBE 435g90.00l0o105.23 Gupr2024-06-13 00:00:00w2022-10-30yBK003Print4070aMIETLIBbMIETLIBcBL-Academic Block C, FL-2, CUP-8, SH-5, R-5d1999-11-1810HBE